| 000 | 00000nam 2200000za 4500 |
| 001 | 9.822538 |
| 003 | CaOODSP |
| 005 | 20221107143712 |
| 007 | cr ||||||||||| |
| 008 | 160812s1994 onc|||||o f|0| 0 fre d |
| 040 | |aCaOODSP|bfre |
| 043 | |an-cn--- |
| 086 | 1 |aE100-2/1-92-1807-01F-PDF |
| 110 | 1 |aCanada.|bSecrétariat binational. |
| 245 | 10|aDans l'affaire de l'interprétation de l'article 701.3 et l'obervation de cet article par le Canada en ce qui concerne les ventes de blé dur |h[ressource électronique] : |brapport final. |
| 246 | 1 |iEn tête du titre : |aDevant le Group spécial institué conformément au chapitre 18 de l'accord de libre-échange Canada-États-Unis |
| 260 | |aOttawa : |b[Secrétariat binational, Accord de libre-échange Canada et États-Unis], |cc1994. |
| 300 | |aEn pagination multiple. |
| 500 | |aPublié aussi en anglais sous le titre : In the matter of the interpretation of and Canada's compliance with article 701.3 with respect to durum wheat sales: final report. |
| 692 | 07|2gccst|aIndustrie agro-alimentaire |
| 692 | 07|2gccst|aLibre-échange |
| 692 | 07|2gccst|aCommerce extérieur |
| 775 | 08|tIn the matter of the interpretation of and Canada's compliance with article 701.3 with respect to durum wheat sales |w(CaOODSP)9.822535 |
| 856 | 40|qPDF|s4.64 Mo|uhttps://publications.gc.ca/collections/collection_2016/alena-sec-nafta/E100-2-1-92-1807-01-fra.pdf |
| 986 | |aCDA-92-1807-01 |